Statistics for Every NBA Sixth Man of the Year Award

Click here to take the quiz!

General Stats

  • This quiz has been taken 47 times
    (2 since last reset)
  • The average score is 13 of 38

Answer Stats

YearPlayer% Correct
2019-2020Montrezl Harrell
100%
2009-10 | 2013-14 | 2015-16Jamal Crawford
100%
2011-12James Harden
100%
2014-15 | 2017-2018 | 2018-2019Lou Williams
100%
2004-05Ben Gordon
50%
1983-84 | 1984-85Kevin McHale
50%
1988-89Eddie Johnson
50%
2002-03Bobby Jackson
50%
1982-83Bobby Jones
50%
2007-08Manu Ginobili
50%
2016-2017Eric Gordon
50%
2010-11Lamar Odom
50%
2006-07Leandro Barbosa
0%
1993-94Dell Curry
0%
1985-86Bill Walton
0%
1987-88Roy Tarpley
0%
2012-13J.R. Smith
0%
1986-87 | 1989-90Ricky Pierce
0%
1990-91 | 1991-92Detlef Schrempf
0%
1992-93Clifford Robinson
0%
1995-96Toni Kukoc
0%
1994-95Anthony Mason
0%
2005-06Mike Miller
0%
1996-97John Starks
0%
1997-98Danny Manning
0%
1998-99Darrell Armstrong
0%
1999-00Rodney Rogers
0%
2001-02Corliss Williamson
0%
2008-09Jason Terry
0%
2003-04Antawn Jamison
0%
2000-01Aaron McKie
0%

Score Distribution

Percentile by Number Answered

Percent of People with Each Score

Your Score History

You have not taken this quiz since the last reset